[Event "Hull 4NCL GM Congress 2019"]
[Site "Hull"]
[Date "2019.10.30"]
[Round "1.1"]
[White "Turner, Matthew J"]
[Black "Merry, Alan B"]
[Result "0-1"]
[WhiteElo "2519"]
[BlackElo "2426"]
[Annotator "TA"]
[PlyCount "70"]
[EventDate "2019.10.30"]
[EventType "tourn"]
[EventCountry "ENG"]
[SourceTitle "playchess.com"]
[Source "ChessBase"]
[SourceQuality "1"]

{[%evp 18,70,1,-12,-18,-12,10,2,4,0,0,-25,-20,-8,0,-66,-65,-83,-62,-95,-103,-138,-144,-135,-99,-179,-166,-186,-179,-195,-130,-192,-142,-215,-198,-193,-112,-118,-60,-76,-69,-103,-136,-697,-682,-1334,-823,-2963,-2483,-29973,-29967,-29986,-29987,-29992,-29991]} 1. Nf3 b6 2. d4 Bb7 3. Bg5 Nf6 4. e3 g6 5. Bd3 Bg7 6. O-O O-O 7. Nbd2 c5 8. c3 d5 9. Qb1 Nbd7 10. b4 c4 {D03: 1 d4 d5 2 Nf3 Nf6 3 Bg5, including Torre Attack with early ...d5} 11. Bc2 b5 12. a4 a6 {The position is equal.} 13. Re1 Re8 14. e4 dxe4 15. Nxe4 Nb6 {[#]} 16. Nc5 $146 (16. a5 $11 Nxe4 17. Bxe4 Bxe4 18. Qxe4 (18. Rxe4 Nd5 $11)) ({Predecessor:} 16. Bxf6 exf6 17. a5 Nd5 18. Nc5 {1-0 (43) Short,N (2678)-Merry,A (2422) London 2017}) 16... Bxf3 $1 $15 17. gxf3 Nfd5 18. Ra3 Qd6 19. Bh4 e5 20. Bg3 {[#]} f5 $1 21. axb5 {[#]} (21. Kg2 $17) 21... f4 $1 $19 {[%cal Rf4g3]} 22. Bh4 axb5 23. Rxa8 Rxa8 (23... Nxa8 $19 24. Qb2 Nac7) 24. Ne4 (24. Qb2 $17) 24... Qc7 25. Kg2 (25. dxe5 $17 Bxe5 26. Qd1) 25... exd4 26. cxd4 Bxd4 (26... Qa7 $19 27. Ng5 Nc3) 27. Ng5 $17 Nc3 (27... Bf6 $17 {aiming for ...Nc3.} 28. Bxg6 Qg7 29. Bf7+ Kh8) 28. Qc1 $1 $15 Bf6 {...Nbd5 is the strong threat.} 29. Re6 Nbd5 $36 {[%mdl 2048] White must now prevent ...Qd8. White is under strong pressure.} 30. Be4 $2 {[%mdl 8192]} (30. Qe1 $17 Bxg5 31. Re8+ Kg7 32. Bxg5 Rxe8 33. Qxe8) 30... Nxe4 $19 31. fxe4 {[#]} f3+ $1 {[%mdl 512]} 32. Kh1 (32. Kxf3 Bxg5) 32... Qf4 {[%cal Rf4c1]} 33. Qd1 Qxh4 {Black mates.} 34. Nxf3 Qxf2 ({Weaker is} 34... Ra1 35. Qxa1 Qxf2 36. Qd1 $17) 35. exd5 Ra2 {Played: Ra8-a1} 0-1

[Event "Hull 4NCL GM Congress 2019"]
[Site "Hull"]
[Date "2019.10.30"]
[Round "1.2"]
[White "Plat, Vojtech"]
[Black "Harvey, Marcus R"]
[Result "1/2-1/2"]
[WhiteElo "2573"]
[BlackElo "2405"]
[Annotator "ChessBase"]
[PlyCount "65"]
[EventDate "2019.10.30"]
[EventType "tourn"]
[EventCountry "ENG"]
[SourceTitle "playchess.com"]
[Source "ChessBase"]
[SourceQuality "1"]
[TimeControl "5400+30"]

1. b3 {[%emt 0:00:00]} Nf6 {[%emt 0:00:04]} 2. Bb2 {[%emt 0:00:00]} g6 {[%emt 0:00:21]} 3. e4 {[%emt 0:00:06]} Bg7 {[%emt 0:00:13]} 4. e5 {[%emt 0:00:34]} Nd5 {[%emt 0:00:35]} 5. c4 {[%emt 0:01:08]} Nb6 {[%emt 0:00:22]} 6. d4 {[%emt 0:00:13]} d6 {[%emt 0:01:24]} 7. exd6 {[%emt 0:00:06]} exd6 {[%emt 0:01:31]} 8. Nf3 {[%emt 0:00:10]} O-O {[%emt 0:00:26]} 9. Be2 {[%emt 0:00:04]} Bg4 {[%emt 0:03:12]} 10. O-O {[%emt 0:00:13]} d5 {[%emt 0:01:13]} 11. c5 {[%emt 0:00:27]} N6d7 {[%emt 0:00:24]} 12. Nc3 {[%emt 0:03:10]} Nc6 {[%emt 0:02:39]} 13. Na4 {[%emt 0:06:14]} Re8 {[%emt 0:03:10]} 14. h3 {[%emt 0:00:34]} Bxf3 {[%emt 0:01:51]} 15. Bxf3 {[%emt 0:00:04]} Nf6 {[%emt 0:00:43]} 16. a3 {[%emt 0:01:45]} Ne4 {[%emt 0:00:59]} 17. Qd3 {[%emt 0:03:24]} Qg5 {[%emt 0:02:54]} 18. Rad1 {[%emt 0:01:23]} Rad8 {[%emt 0:04:59]} 19. b4 {[%emt 0:03:19]} f5 {[%emt 0:05:15]} 20. b5 {[%emt 0:01:21]} Na5 {[%emt 0:01:50]} 21. Bc1 {[%emt 0:00:53]} Qh4 {[%emt 0:01:54]} 22. Nb2 {[%emt 0:02:02]} b6 {[%emt 0:05:11]} 23. Qc2 {[%emt 0:02:00]} g5 {[%emt 0:04:15]} 24. Rfe1 {[%emt 0:02:31]} Bf6 {[%emt 0:05:35]} 25. Re2 {[%emt 0:02:26]} Re7 {[%emt 0:05:19]} 26. Nd3 {[%emt 0:03:52]} g4 {[%emt 0:08:12]} 27. hxg4 {[%emt 0:00:12]} Bxd4 {[%emt 0:00:40]} 28. Bxe4 {[%emt 0:04:39]} fxe4 {[%emt 0:02:46]} 29. Nf4 {[%emt 0:01:37]} bxc5 {[%emt 0:01:29]} 30. Qa4 {[%emt 0:06:38]} Nc4 {[%emt 0:04:03]} 31. Nxd5 {[%emt 0:02:11]} Rxd5 {[%emt 0:00:18]} 32. Qxc4 {[%emt 0:00:02]} Rf7 {[%emt 0:04:38]} 33. Qxd5 {[%emt 0:00:45]} 1/2-1/2

[Event "Hull 4NCL GM Congress 2019"]
[Site "Hull"]
[Date "2019.10.30"]
[Round "1.3"]
[White "Roberson, Peter T"]
[Black "Gonda, Laszlo"]
[Result "1/2-1/2"]
[WhiteElo "2437"]
[BlackElo "2541"]
[Annotator "TA"]
[PlyCount "96"]
[EventDate "2019.10.30"]
[EventType "tourn"]
[EventCountry "ENG"]
[SourceTitle "playchess.com"]
[Source "ChessBase"]
[SourceQuality "1"]

{[%evp 18,96,20,21,19,15,18,18,16,-14,21,-7,27,41,55,42,61,51,75,58,75,14,62,66,66,54,54,46,84,83,81,63,64,70,67,58,58,51,62,45,53,47,50,50,55,50,50,44,60,56,57,54,62,45,67,62,102,102,97,100,94,29,29,29,29,29,50,35,35,35,43,43,77,0,35,35,35,0,0,0,0]} 1. e4 e5 2. Nf3 Nc6 3. Bb5 Nf6 4. O-O Nxe4 5. Re1 Nd6 6. Nxe5 Be7 7. Bf1 Nxe5 8. Rxe5 O-O 9. d4 Bf6 10. Re1 Re8 {C67: Ruy Lopez: Berlin Defence: 4 0-0 Nxe4} 11. Bf4 (11. c3 Rxe1 12. Qxe1 Qe8 13. Qxe8+ Nxe8 14. Bf4 d5 15. Nd2 Be7 16. Re1 Kf8 17. Bd3 Bd6 18. Bxd6+ Nxd6 {½-½ (25) Mamedyarov,S (2767)-Radjabov,T (2758) Khanty-Mansiysk 2019}) 11... Rxe1 12. Qxe1 Ne8 13. Nc3 d6 14. Nd5 Be6 15. Nxf6+ Qxf6 16. Qe3 $146 ({Predecessor:} 16. Qd2 Qg6 17. d5 Bf5 18. c4 {0-1 (65) Milliet,S (2397)-Guichard,P (2405) Chartres 2019}) 16... Qg6 17. c4 $36 {[%mdl 2048] Black is under pressure.} Qc2 18. b3 Nf6 19. d5 (19. Bd3 $16 Qb2 20. Rf1) 19... Qb2 20. Re1 Bd7 21. Qd2 Qxd2 22. Bxd2 c6 23. dxc6 Bxc6 24. f3 (24. Bc3 {looks sharper.} d5 25. Bxf6 gxf6 26. c5 Kg7 27. f3) 24... Re8 25. Rxe8+ Nxe8 $14 {[%mdl 4096] Endgame KBB-KBN} 26. Kf2 Kf8 27. Bd3 g6 28. Bg5 Nc7 29. Ke3 Ne6 30. Bf6 d5 31. b4 dxc4 32. Bxc4 a6 33. a3 Ke8 34. g4 Nc7 35. Be5 Nb5 36. a4 Na3 37. Bb3 {[#] Hoping for Bb2.} b5 38. axb5 axb5 39. Bd4 (39. f4 $16) 39... Nc4+ $11 40. Kf4 Ke7 41. h4 h5 42. gxh5 gxh5 43. Bd1 f6 44. Bc2 {Bg6 is the strong threat.} Nd2 45. Bd1 (45. Bg6 $16) 45... Ke6 46. Be3 Nc4 47. Bb3 Bd5 48. Bxc4 Bxc4 {Accuracy: White = 52%, Black = 65%.} 1/2-1/2

[Event "Hull 4NCL GM Congress 2019"]
[Site "Hull"]
[Date "2019.10.30"]
[Round "1.4"]
[White "Palliser, Richard J D"]
[Black "Haria, Ravi"]
[Result "0-1"]
[WhiteElo "2413"]
[BlackElo "2463"]
[Annotator "TA"]
[PlyCount "78"]
[EventDate "2019.10.30"]
[EventType "tourn"]
[EventCountry "ENG"]
[SourceTitle "playchess.com"]
[Source "ChessBase"]
[SourceQuality "1"]

{[%evp 28,78,-6,-34,-22,-45,-41,-54,-47,-50,-37,-54,-52,-212,-208,-210,-198,-181,-75,-86,-47,-127,-18,-18,-18,-18,-18,-18,-18,-18,-18,-60,-18,-18,-18,-18,-18,-18,-18,-18,0,0,0,0,0,-163,-180,-288,-288,-423,-411,-339,-331]} 1. d4 e6 2. c4 d5 3. Nc3 c6 4. Nf3 dxc4 5. e3 b5 6. a4 Bb4 7. Bd2 a5 8. axb5 Bxc3 9. Bxc3 cxb5 10. b3 Bb7 11. d5 Nf6 12. bxc4 b4 13. Bxf6 Qxf6 14. Qa4+ Nd7 15. Nd4 Qe7 {D31: Queen's Gambit Declined: Semi-Slav without ...Nf6 (+ Marshall Gambit and Noteboom) and Exchange Variation lines without ...Nf6} (15... e5 16. Nb3 e4 17. Nd4 Ke7 18. Be2 Qb6 19. Nf5+ Kd8 20. O-O Bc8 21. Qd1 Nc5 22. Nd4 b3 23. d6 a4 {0-1 (52) Rohde,W (2591)-Ninov,N (2600) ICCF email 2009}) 16. Qb5 Rb8 $1 17. Qxa5 O-O $1 {And now ...Ra8 would win.Black is slightly better.} 18. Rb1 exd5 19. Qxb4 ({Reject} 19. cxd5 Qe4 $17) 19... Qe4 20. Nb5 $146 (20. Rd1 $15) ({Predecessor:} 20. Rd1 Ne5 21. c5 Ba6 22. Qc3 Bxf1 23. Kxf1 {½-½ (38) Hayakawa,S (2327)-Young,S (2225) ICCF email 2014}) 20... Ba6 $1 $19 21. cxd5 Qg6 $1 22. h4 Rb6 (22... Nf6 $19 {and Black stays clearly on top.} 23. Rh3 Bxb5) 23. h5 $17 Qc2 {...Rfb8 is the strong threat.} 24. Rh4 (24. Rd1 $15 Rfb8 25. Qc3) 24... Bxb5 ({Weaker is} 24... Rf6 25. Qb2 $16) (24... Rfb8 $17 25. Rc4 Qf5) 25. Bxb5 $11 Rfb8 26. Rc4 Rxb5 27. Rxc2 Rxb4 28. Rxb4 Rxb4 {[%mdl 4096] Endgame KRN-KR} 29. Rc8+ Nf8 {next ...f5 is good for Black.} 30. d6 {d7 would kill now.} Rb7 31. e4 $1 {[%cal Re4e5] Threatening e5.} f6 32. f4 $1 Rd7 33. e5 {Black must now prevent e6.} fxe5 34. fxe5 Kf7 {Strongly threatening ...Ne6.} 35. Kf2 Ne6 {Threatens to win with ...Rd8.} 36. Ke3 $2 (36. Ra8 $1 $11) 36... Rd8 $1 $19 {[%cal Rd8c8]} 37. Rc2 {[#]} (37. Rc3 $142) 37... Nf8 $1 38. Rc7+ {[#]} (38. Rc4 $142) 38... Nd7 $1 39. Kf4 {White hopes to continue with Kf5.} Ke6 {Accuracy: White = 49%, Black = 67%.} 0-1

[Event "Hull 4NCL GM Congress 2019"]
[Site "Hull"]
[Date "2019.10.30"]
[Round "1.5"]
[White "Greet, Andrew N"]
[Black "Eggleston, David J"]
[Result "1-0"]
[WhiteElo "2414"]
[BlackElo "2394"]
[Annotator "ChessBase"]
[PlyCount "113"]
[EventDate "2019.10.30"]
[EventType "tourn"]
[EventCountry "ENG"]
[SourceTitle "playchess.com"]
[Source "ChessBase"]
[SourceQuality "1"]
[TimeControl "5400+30"]

1. e4 {[%emt 0:00:00]} c5 {[%emt 0:00:00]} 2. Nf3 {[%emt 0:00:00]} d6 {[%emt 0:00:00]} 3. d4 {[%emt 0:00:00]} Nf6 {[%emt 0:00:00]} 4. Nc3 {[%emt 0:00:00]} cxd4 {[%emt 0:00:00]} 5. Nxd4 {[%emt 0:00:07]} a6 {[%emt 0:00:03]} 6. Rg1 {[%emt 0:00:11]} Nc6 {[%emt 0:07:54]} 7. g4 {[%emt 0:02:45]} Nxd4 {[%emt 0:14:24]} 8. Qxd4 {[%emt 0:00:17]} e5 {[%emt 0:05:05]} 9. Qd1 {[%emt 0:01:50]} Be6 {[%emt 0:05:48]} 10. g5 {[%emt 0:00:43]} Nd7 {[%emt 0:00:04]} 11. Nd5 {[%emt 0:04:06]} Nb6 {[%emt 0:02:18]} 12. c3 {[%emt 0:05:17]} Nxd5 {[%emt 0:02:53]} 13. exd5 {[%emt 0:00:08]} Bd7 {[%emt 0:03:15]} 14. Bd3 {[%emt 0:09:34]} g6 {[%emt 0:00:35]} 15. h4 {[%emt 0:11:17]} h5 {[%emt 0:19:31]} 16. Be3 {[%emt 0:07:44]} Bg7 {[%emt 0:00:18]} 17. Qd2 {[%emt 0:09:24]} O-O {[%emt 0:02:48]} 18. Be4 {[%emt 0:01:16]} b5 {[%emt 0:01:26]} 19. O-O-O {[%emt 0:07:19]} a5 {[%emt 0:00:28]} 20. Kb1 {[%emt 0:00:12]} Qc8 {[%emt 0:01:34]} 21. Rc1 {[%emt 0:03:31]} Qa6 {[%emt 0:02:55]} 22. Qd3 {[%emt 0:03:36]} Rfc8 {[%emt 0:03:45]} 23. f3 {[%emt 0:01:44]} Rc4 {[%emt 0:01:25]} 24. Rc2 {[%emt 0:02:54]} Rac8 {[%emt 0:04:28]} 25. Rgc1 {[%emt 0:01:40]} Qb7 {[%emt 0:02:36]} 26. a3 {[%emt 0:10:46]} Qa8 {[%emt 0:04:06]} 27. Bf2 {[%emt 0:01:18]} Rb8 {[%emt 0:01:48]} 28. Ka1 {[%emt 0:04:31]} Rc7 {[%emt 0:00:35]} 29. Kb1 {[%emt 0:06:02]} Rcb7 {[%emt 0:01:18]} 30. c4 {[%emt 0:01:24]} bxc4 {[%emt 0:01:58]} 31. Qxc4 {[%emt 0:00:13]} Bb5 {[%emt 0:00:44]} 32. Qc3 {[%emt 0:01:27]} Ba4 {[%emt 0:00:22]} 33. Rd2 {[%emt 0:00:13]} Be8 {[%emt 0:04:35]} 34. Qe3 {[%emt 0:00:57]} Rb3 {[%emt 0:01:42]} 35. Qa7 {[%emt 0:01:26]} Qxa7 {[%emt 0:00:10]} 36. Bxa7 {[%emt 0:00:02]} R8b7 {[%emt 0:00:08]} 37. Rc8 {[%emt 0:01:41]} Kf8 {[%emt 0:05:39]} 38. Bc5 {[%emt 0:00:37]} Ke7 {[%emt 0:01:12]} 39. Bxd6+ {[%emt 0:00:22]} Kxd6 {[%emt 0:00:23]} 40. Rxe8 {[%emt 0:00:05]} Rc7 {[%emt 0:01:10]} 41. Rg8 {[%emt 0:01:55]} f5 {[%emt 0:00:23]} 42. gxf6 {[%emt 0:00:05]} Bxf6 {[%emt 0:00:01]} 43. Rxg6 {[%emt 0:00:06]} Rf7 {[%emt 0:00:07]} 44. Rc2 {[%emt 0:00:26]} Rb6 {[%emt 0:00:27]} 45. Rh6 {[%emt 0:00:22]} Kd7 {[%emt 0:00:23]} 46. Rc6 {[%emt 0:00:42]} Rxc6 {[%emt 0:00:37]} 47. dxc6+ {[%emt 0:00:02]} Kc7 {[%emt 0:00:06]} 48. Rxh5 {[%emt 0:00:15]} Be7 {[%emt 0:00:26]} 49. Rxe5 {[%emt 0:00:54]} Bxh4 {[%emt 0:00:05]} 50. Rxa5 {[%emt 0:00:13]} Bf2 {[%emt 0:00:04]} 51. Rb5 {[%emt 0:00:19]} Bb6 {[%emt 0:00:47]} 52. a4 {[%emt 0:00:12]} Rf8 {[%emt 0:00:13]} 53. a5 {[%emt 0:00:19]} Bd4 {[%emt 0:00:04]} 54. Rb7+ {[%emt 0:00:18]} Kd6 {[%emt 0:00:02]} 55. Rd7+ {[%emt 0:00:34]} Kc5 {[%emt 0:00:04]} 56. c7 {[%emt 0:00:22]} Bf6 {[%emt 0:00:09]} 57. Bb7 {[%emt 0:00:18]} 1-0

[Event "Hull 4NCL GM Congress 2019"]
[Site "Hull"]
[Date "2019.10.31"]
[Round "2.1"]
[White "Merry, Alan B"]
[Black "Eggleston, David J"]
[Result "0-1"]
[WhiteElo "2426"]
[BlackElo "2394"]
[Annotator "NA"]
[PlyCount "96"]
[EventDate "2019.10.30"]
[EventType "tourn"]
[EventCountry "ENG"]
[SourceTitle "playchess.com"]
[Source "ChessBase"]
[SourceQuality "1"]
[TimeControl "5400+30"]

1. c4 {[%emt 0:00:00]} e5 {[%emt 0:05:07]} 2. Nc3 {[%emt 0:00:00]} Nc6 {[%emt 0:00:32]} 3. Nf3 {[%emt 0:00:00]} Nf6 {[%emt 0:00:09]} 4. g3 {[%emt 0:01:19]} d5 {[%emt 0:00:18]} 5. cxd5 {[%emt 0:00:04]} Nxd5 {[%emt 0:00:05]} 6. Bg2 {[%emt 0:00:04]} Nb6 {[%emt 0:00:12]} 7. O-O {[%emt 0:05:07]} Be7 {[%emt 0:00:26]} 8. a3 {[%emt 0:01:09]} O-O {[%emt 0:03:39]} 9. b4 {[%emt 0:01:15]} Re8 {[%emt 0:02:48]} 10. d3 {[%emt 0:01:30]} Bf8 {[%emt 0:01:42]} 11. Bb2 {[%emt 0:02:26]} a5 {[%emt 0:01:01]} 12. b5 {[%emt 0:00:05]} Nd4 {[%emt 0:00:04]} 13. Nd2 {[%emt 0:07:11]} a4 {[%emt 0:00:08]} 14. Rb1 {[%emt 0:09:04]} c6 {[%emt 0:07:20]} 15. bxc6 {[%emt 0:00:43]} Nxc6 {[%emt 0:00:12]} 16. Nc4 $15 {[%emt 0:11:47]} Nxc4 {[%emt 0:03:22]} 17. dxc4 {[%emt 0:00:05]} Nd4 {[%emt 0:11:55]} 18. e3 {[%emt 0:14:32]} Nb3 {[%emt 0:00:56]} 19. Qc2 {[%emt 0:02:49]} Qd2 {[%emt 0:12:53]} 20. Qe4 {[%emt 0:24:52]} Nc5 {[%emt 0:08:23]} 21. Qd5 {[%emt 0:01:02]} Qxd5 {[%emt 0:00:49]} 22. Bxd5 {[%emt 0:00:51]} Bf5 {[%emt 0:12:31]} 23. e4 {[%emt 0:00:15]} Bh3 {[%emt 0:00:05]} 24. Rfd1 {[%emt 0:00:23]} Bg4 {[%emt 0:06:59]} 25. f3 {[%emt 0:00:54]} Bxf3 {[%emt 0:01:39]} 26. Bxf7+ {[%emt 0:00:34]} Kxf7 {[%emt 0:00:08]} 27. Rf1 {[%emt 0:00:03]} Kg8 {[%emt 0:00:54]} 28. Rxf3 {[%emt 0:00:04]} Rad8 {[%emt 0:01:05]} 29. Bc1 {[%emt 0:01:53]} Rd4 {[%emt 0:02:46]} 30. Be3 {[%emt 0:06:10]} Rxc4 {[%emt 0:04:50]} 31. Nd5 {[%emt 0:02:24]} Nxe4 {[%emt 0:05:19]} 32. Rxb7 {[%emt 0:00:07]} Bxa3 {[%emt 0:01:58]} 33. Nb6 {[%emt 0:01:41]} Rb4 {[%emt 0:01:21]} 34. Rff7 {[%emt 0:01:24]} Rb1+ {[%emt 0:00:14]} 35. Kg2 {[%emt 0:00:05]} Bf8 {[%emt 0:01:25]} 36. Nxa4 {[%emt 0:00:37]} Ra1 {[%emt 0:00:40]} 37. Nc5 {[%emt 0:03:39]} Nd6 {[%emt 0:00:35]} 38. Ra7 {[%emt 0:00:08]} Re1 {[%emt 0:01:11]} 39. Kf2 {[%emt 0:00:54]} Rh1 {[%emt 0:00:31]} 40. Rfd7 {[%emt 0:01:44]} Rxh2+ {[%emt 0:00:12]} 41. Kg1 {[%emt 0:00:49]} Re2 {[%emt 0:00:32]} 42. Bf2 {[%emt 0:00:14]} e4 {[%emt 0:01:49]} 43. Bd4 {[%emt 0:00:24]} Nf5 {[%emt 0:00:15]} 44. Nb3 {[%emt 0:00:42]} Rb8 {[%emt 0:00:40]} 45. Rab7 {[%emt 0:00:35]} Rxb7 {[%emt 0:00:11]} 46. Rxb7 {[%emt 0:00:04]} Nxg3 {[%emt 0:00:57]} 47. Rb8 {[%emt 0:00:41]} Kf7 {[%emt 0:00:12]} 48. Nc5 {[%emt 0:00:55]} Nf5 {[%emt 0:00:59]} 0-1

[Event "Hull 4NCL GM Congress 2019"]
[Site "Hull"]
[Date "2019.10.31"]
[Round "2.2"]
[White "Haria, Ravi"]
[Black "Greet, Andrew N"]
[Result "1/2-1/2"]
[WhiteElo "2463"]
[BlackElo "2414"]
[Annotator "ChessBase"]
[PlyCount "130"]
[EventDate "2019.10.30"]
[EventType "tourn"]
[EventCountry "ENG"]
[SourceTitle "playchess.com"]
[Source "ChessBase"]
[SourceQuality "1"]
[TimeControl "5400+30"]

1. e4 {[%emt 0:00:00]} e6 {[%emt 0:00:00]} 2. d4 {[%emt 0:00:00]} d5 {[%emt 0:00:04]} 3. Nd2 {[%emt 0:00:00]} c5 {[%emt 0:00:07]} 4. Ngf3 {[%emt 0:00:00]} Nc6 {[%emt 0:00:13]} 5. exd5 {[%emt 0:01:29]} exd5 {[%emt 0:00:08]} 6. Bb5 {[%emt 0:00:06]} Qe7+ {[%emt 0:00:08]} 7. Be2 {[%emt 0:01:12]} Nf6 {[%emt 0:00:26]} 8. O-O {[%emt 0:01:05]} Qc7 {[%emt 0:00:10]} 9. Re1 {[%emt 0:06:06]} cxd4 {[%emt 0:00:09]} 10. Nb3 {[%emt 0:00:47]} Bb4 {[%emt 0:00:15]} 11. Bd2 {[%emt 0:02:54]} Bxd2 {[%emt 0:00:07]} 12. Qxd2 {[%emt 0:00:18]} O-O {[%emt 0:00:08]} 13. Nfxd4 {[%emt 0:02:57]} Bd7 {[%emt 0:00:17]} 14. Nxc6 {[%emt 0:08:54]} Bxc6 {[%emt 0:25:56]} 15. c3 {[%emt 0:02:18]} Rfe8 {[%emt 0:01:50]} 16. f3 {[%emt 0:06:44]} Qb6+ {[%emt 0:05:00]} 17. Qd4 {[%emt 0:05:11]} Nd7 {[%emt 0:02:12]} 18. Bf1 {[%emt 0:04:06]} Rxe1 {[%emt 0:12:58]} 19. Rxe1 {[%emt 0:00:10]} Nf8 {[%emt 0:00:07]} 20. Rd1 {[%emt 0:08:56]} Ne6 {[%emt 0:00:21]} 21. Qf2 {[%emt 0:01:11]} Qxf2+ {[%emt 0:04:43]} 22. Kxf2 {[%emt 0:00:10]} Kf8 {[%emt 0:02:31]} 23. Nd4 {[%emt 0:07:41]} Ke7 {[%emt 0:01:43]} 24. h4 {[%emt 0:04:55]} h6 {[%emt 0:02:32]} 25. g3 {[%emt 0:00:53]} Nxd4 {[%emt 0:03:00]} 26. Rxd4 {[%emt 0:00:24]} g5 {[%emt 0:00:13]} 27. Bd3 {[%emt 0:02:23]} Ke6 {[%emt 0:02:09]} 28. a3 {[%emt 0:08:02]} a5 {[%emt 0:06:18]} 29. Bb1 {[%emt 0:02:17]} Rd8 {[%emt 0:09:21]} 30. Ba2 {[%emt 0:02:57]} Rd7 {[%emt 0:03:06]} 31. Ke3 {[%emt 0:07:25]} f6 {[%emt 0:00:32]} 32. Bb1 {[%emt 0:02:53]} Rg7 {[%emt 0:01:12]} 33. Kf2 {[%emt 0:00:46]} Re7 {[%emt 0:03:25]} 34. Rd1 {[%emt 0:02:08]} Kd6 {[%emt 0:01:59]} 35. Bd3 {[%emt 0:00:31]} Re8 {[%emt 0:01:34]} 36. Rh1 {[%emt 0:01:19]} Ke5 {[%emt 0:08:01]} 37. Re1+ {[%emt 0:05:59]} Kd6 {[%emt 0:00:05]} 38. Rxe8 {[%emt 0:00:20]} Bxe8 {[%emt 0:00:03]} 39. Ke3 {[%emt 0:00:05]} Ke5 {[%emt 0:00:38]} 40. f4+ {[%emt 0:00:04]} gxf4+ {[%emt 0:00:51]} 41. gxf4+ {[%emt 0:00:02]} Kd6 {[%emt 0:00:10]} 42. Kd4 {[%emt 0:01:27]} b6 {[%emt 0:01:33]} 43. Be2 {[%emt 0:00:40]} Ba4 {[%emt 0:00:34]} 44. b4 {[%emt 0:01:16]} Bb3 {[%emt 0:00:28]} 45. Bg4 {[%emt 0:02:29]} Bc4 {[%emt 0:00:22]} 46. Bf5 {[%emt 0:00:25]} Bb3 {[%emt 0:00:18]} 47. Bd3 {[%emt 0:00:13]} Ba2 {[%emt 0:00:45]} 48. Ke3 {[%emt 0:00:21]} Bb3 {[%emt 0:00:42]} 49. Bf5 {[%emt 0:00:36]} Kc6 {[%emt 0:00:40]} 50. Kd4 {[%emt 0:00:41]} Kd6 {[%emt 0:00:09]} 51. Bb1 {[%emt 0:00:19]} Kc6 {[%emt 0:00:41]} 52. Bg6 {[%emt 0:00:39]} Kd6 {[%emt 0:00:08]} 53. Bf7 {[%emt 0:01:05]} Bc4 {[%emt 0:00:16]} 54. Bg6 {[%emt 0:00:27]} Bb3 {[%emt 0:00:12]} 55. Bd3 {[%emt 0:00:22]} Ba2 {[%emt 0:00:24]} 56. Bc2 {[%emt 0:00:06]} Bc4 {[%emt 0:00:09]} 57. Ke3 {[%emt 0:00:10]} Bb5 {[%emt 0:01:33]} 58. Bb3 {[%emt 0:00:19]} Bf1 {[%emt 0:01:32]} 59. Kd4 {[%emt 0:00:47]} Bg2 {[%emt 0:00:07]} 60. Bc2 {[%emt 0:00:24]} Bf3 {[%emt 0:00:29]} 61. Bd3 {[%emt 0:01:01]} Bg2 {[%emt 0:01:00]} 62. Ba6 {[%emt 0:00:26]} Bh3 {[%emt 0:00:30]} 63. Bb7 {[%emt 0:00:51]} Be6 {[%emt 0:00:11]} 64. Ba8 {[%emt 0:00:37]} Bf7 {[%emt 0:00:11]} 65. Bb7 {[%emt 0:00:13]} Be6 {[%emt 0:00:07]} 1/2-1/2

[Event "Hull 4NCL GM Congress 2019"]
[Site "Hull"]
[Date "2019.10.31"]
[Round "2.3"]
[White "Gonda, Laszlo"]
[Black "Palliser, Richard J D"]
[Result "1/2-1/2"]
[WhiteElo "2541"]
[BlackElo "2413"]
[Annotator "ChessBase"]
[PlyCount "55"]
[EventDate "2019.10.30"]
[EventType "tourn"]
[EventCountry "ENG"]
[SourceTitle "playchess.com"]
[Source "ChessBase"]
[SourceQuality "1"]
[TimeControl "5400+30"]

1. d4 {[%emt 0:00:00]} Nf6 {[%emt 0:01:28]} 2. c4 {[%emt 0:00:00]} g6 {[%emt 0:00:07]} 3. Nc3 {[%emt 0:00:00]} Bg7 {[%emt 0:00:05]} 4. e4 {[%emt 0:00:00]} d6 {[%emt 0:00:04]} 5. Nf3 {[%emt 0:00:00]} O-O {[%emt 0:00:08]} 6. Be2 {[%emt 0:00:00]} e5 {[%emt 0:00:04]} 7. O-O {[%emt 0:00:00]} Nc6 {[%emt 0:00:04]} 8. Be3 {[%emt 0:00:00]} Ng4 {[%emt 0:00:49]} 9. Bg5 {[%emt 0:00:13]} f6 {[%emt 0:00:05]} 10. Bh4 {[%emt 0:00:05]} g5 {[%emt 0:00:30]} 11. Bg3 {[%emt 0:00:03]} Nh6 {[%emt 0:00:23]} 12. dxe5 {[%emt 0:00:07]} fxe5 {[%emt 0:00:44]} 13. Nd5 {[%emt 0:00:14]} Nf7 {[%emt 0:00:27]} 14. Rc1 {[%emt 0:02:10]} Nd4 {[%emt 0:00:51]} 15. Nxd4 {[%emt 0:02:16]} exd4 {[%emt 0:00:43]} 16. c5 {[%emt 0:05:08]} c6 {[%emt 0:00:33]} 17. Nb4 {[%emt 0:00:02]} dxc5 {[%emt 0:04:20]} 18. Rxc5 {[%emt 0:00:08]} Qe7 {[%emt 0:01:34]} 19. Nd3 {[%emt 0:00:26]} Qxe4 {[%emt 0:12:36]} 20. Re1 {[%emt 0:04:17]} Qe6 {[%emt 0:08:57]} 21. Ne5 {[%emt 0:20:56]} Qd6 {[%emt 0:19:15]} 22. Qc1 {[%emt 0:09:32]} Nxe5 {[%emt 0:04:21]} 23. Rxe5 {[%emt 0:00:43]} Qd8 {[%emt 0:18:39]} 24. Bc4+ {[%emt 0:11:24]} Kh8 {[%emt 0:00:27]} 25. Rxg5 {[%emt 0:00:04]} Bf5 {[%emt 0:03:21]} 26. Rxg7 {[%emt 0:00:58]} Kxg7 {[%emt 0:00:01]} 27. Be5+ {[%emt 0:00:05]} Kg6 {[%emt 0:00:04]} 28. Qf4 {[%emt 0:06:50]} 1/2-1/2